Education and national concerns (Record no. 213055)

MARC details
000 -LEADER
fixed length control field 00424nam a2200169Ia 4500
008 - FIXED-LENGTH DATA ELEMENTS--GENERAL INFORMATION
fixed length control field 231221s9999 xx 000 0 und d
041 ## - LANGUAGE CODE
Language code of text/sound track or separate title English
082 ## - DEWEY DECIMAL CLASSIFICATION NUMBER
Classification number 370 PAD;1 R
100 ## - MAIN ENTRY--PERSONAL NAME
Personal name Padmaprasad, S P
245 #0 - TITLE STATEMENT
Title Education and national concerns
250 ## - EDITION STATEMENT
Edition statement 1st ed.
260 ## - PUBLICATION, DISTRIBUTION, ETC.
Date of publication, distribution, etc. 2004
Name of publisher, distributor, etc. Sumuka
Place of publication, distribution, etc. Bangalore
300 ## - PHYSICAL DESCRIPTION
Extent 134
500 ## - GENERAL NOTE
General note Transfered to SSM School
650 ## - SUBJECT ADDED ENTRY--TOPICAL TERM
Topical term or geographic name entry element Education,national
942 ## - ADDED ENTRY ELEMENTS (KOHA)
Koha item type Education Library
Holdings
Date last seen Total checkouts Full call number Accession number Price effective from Category Lost status Damaged status Department Withdrawn status Home library Current library Shelving location Entry date Grants Billdate Currency symbol Conversion rate Discount Old discount
26/01/2024   370 PAD;1 R ED2671 26/01/2024 Education Library     Central Library   Central Library Central Library Central Library   DONATED 03/08/2016 RS 1    

© For any Suggestions or Query, please contact the library staff @ librarian@pes.edu or Phone: +9180 2672 1983/ 2108.